Scientifiques par lettre - R/S/T - Statistiques

Statistiques générales
  • Ce quiz a été pris 76 fois
  • Le résultat moyen est 5 sur 12
Statistiques - réponses
Indice Réponse % Correct
T Il est connu pour ses travaux sur le courant alternatif. Une marque de voiture porte désormais son nom Nikola Tesla
90%
T Mathématicien ayant mesuré la hauteur des pyramides grâce à son célèbre théorème Thalès
90%
S Il a un fameux chat Erwin Schrödinger
79%
T Mathématicien et cryptologue britannique connu pour son implication durant la 2nde Guerre mondiale Alan Turing
57%
R Mathématicien allemand à l'origine d'un des problèmes du millénaire Bernhard Riemann
40%
T A trouvé avec Young la formule permettant d'approximer une fonction par ses dérivées Brook Taylor
39%
T Aussi appelé Lord Kelvin William Thomson
39%
R Son nombre permet de savoir si l'écoulement est laminaire ou turbulent Osborne Reynolds
31%
R Considéré comme le père de la physique nucléaire, il a découvert les rayonnements alpha et bêta Ernest Rutherford
20%
T Il a inventé le baromètre et a fait avancer la mécanique des fluides Evangelista Torricelli
19%
S Sa loi fait le lien entre le rayonnement thermique et la température d'un objet considéré comme un corps noir Josef Stefan
10%
S Premier français à obtenir la médaille Fields pour ses travaux sur la théorie des distributions Schwartz
7%
Aucun quiz correspondant
Distribution des résultats
% des personnes avec chaque résultat
Percentile par nombre de réponses
Votre historique - résultats
Vous n’avez pas pris ce quiz